| 000 | 00672cam a2200241ua 4500 | ||
|---|---|---|---|
| 020 | _a81-203-1493-X | ||
| 020 | _a9788120335868 | ||
| 082 |
_a631.45 _bDAS/HY |
||
| 100 | _aDas, Ghanshyam . | ||
| 245 | _aHydrology and soil conservation engineering Including watershed management | ||
| 260 |
_aNew Delhi : _bPrentice Hall of India Pvt Ltd. , _c2000. |
||
| 300 | _a490 ; . | ||
| 650 | _aAbstraction losses | ||
| 650 | _aFlood routing | ||
| 650 | _aHydrographs | ||
| 650 | _aPrecipitation | ||
| 650 | _aSoil erosion | ||
| 650 | _astream flow | ||
| 650 | _aTime series analysis | ||
| 650 | _awater harvesting | ||
| 650 | _awatershed management | ||
| 942 | _cBK | ||
| 999 |
_c11251 _d11251 |
||